000 00952nam a22002537a 4500
005 20250703143245.0
007 cr |||aaa|||||
008 250614s2018 ck|adjofof||| 001 0 spa d
020 _a9789587223118
040 _aMX-MxUPN
_bspa
_cMX-MxUPN
_eaacr2
041 _aspa
050 _aQA112
100 _aUzuriaga López, Vivian Libeth
_957000
100 _aGallego Cortés, Geoffrin Ninoska
_957001
245 _aLa indagación en la clase de matemáticas :
_binvestigación con base en la práctica
_h[recurso electrónico en línea]
260 _aPereira, Colombia :
_bUniversidad Tecnológica de Pereira,
_c2018
300 _a1 recurso electrónico (75 páginas) :
_bPDF
490 _aTrabajos de investigación
500 _aIncluye bibliografía
650 4 _aMatemáticas
_xEstudio y enseñanza - Didáctica
_93601
856 _uhttps://hdl.handle.net/11059/15366
902 _aMaiella Martínez / 14062025
942 _2lcc
_cLIBRO-E
999 _c213521
_d213521